Signal processing and linear systems (Record no. 1319)

000 -LEADER
fixed length control field 00543nam a2200205 a 4500
001 - CONTROL NUMBER
control field 1319
003 - CONTROL NUMBER IDENTIFIER
control field BD-DhUET
008 - FIXED-LENGTH DATA ELEMENTS--GENERAL INFORMATION
fixed length control field 980109s1998 caua b 001 0 eng
020 ## - INTERNATIONAL STANDARD BOOK NUMBER
International Standard Book Number 0941413357
040 ## - CATALOGING SOURCE
Original cataloging agency DLC
Transcribing agency DLC
Modifying agency BD-DhUET
082 00 - DEWEY DECIMAL CLASSIFICATION NUMBER
Classification number 623.22
Item number LAT/1998
100 ## - MAIN ENTRY--PERSONAL NAME
Personal name Lathi B. P.
245 10 - TITLE STATEMENT
Title Signal processing and linear systems
250 ## - EDITION STATEMENT
Edition statement 1st ed
260 ## - PUBLICATION, DISTRIBUTION, ETC. (IMPRINT)
Place of publication, distribution, etc. New York
Name of publisher, distributor, etc. Oxford University Press
Date of publication, distribution, etc. 1998
300 ## - PHYSICAL DESCRIPTION
Extent x, 850 p.
Other physical details ill.
Dimensions 24 cm.
504 ## - BIBLIOGRAPHY, ETC. NOTE
Bibliography, etc Includes bibliographies
650 #0 - SUBJECT ADDED ENTRY--TOPICAL TERM
Topical term or geographic name as entry element Digital signal processing
942 ## - ADDED ENTRY ELEMENTS (KOHA)
Koha item type General Book
Holdings
Koha item type Koha full call number Lost status Koha issues (times borrowed) Sublocation or collection (holding branch) Source of classification or shelving scheme Price effective from Koha date last seen Damaged status Not for loan Koha date last borrowed Copy number Withdrawn status Koha renewals Piece designation (barcode) Shelving location Date acquired Koha normalized classification for sorting Location (home branch)
General Book623.22/LAT/1998  Central Library, BUET 2014-09-032019-09-14   1 2103856Circulation section2014-09-03623_000000000000000_22LAT1998Central Library, BUET
General Book623.22/LAT/1998  Central Library, BUET 2014-09-032014-09-03   2  103857Circulation section2014-09-03623_000000000000000_22LAT1998Central Library, BUET
General Book623.22/LAT/1998 1Central Library, BUET 2014-09-032017-08-19  2015-06-133  103859Circulation section2014-09-03623_220000000000000_LAT_1998Central Library, BUET
General Book623.22/LAT/1998 1Central Library, BUET 2014-09-032017-01-08  2015-10-204  103860Circulation section2014-09-03623_000000000000000_22LAT1998Central Library, BUET
General Book623.22/LAT/1998 1Central Library, BUET 2014-09-032017-04-11  2015-05-255  103863Circulation section2014-09-03623_000000000000000_22LAT1998Central Library, BUET
General Book623.22/LAT/1998 1Central Library, BUET 2014-09-032017-06-13  2015-05-256  103864Circulation section2014-09-03623_000000000000000_22LAT1998Central Library, BUET
General Book623.22/LAT/1998  Central Library, BUET 2014-09-032017-08-20   7  103865Circulation section2014-09-03623_000000000000000_22LAT1998Central Library, BUET
General Book623.22/LAT/1998  Central Library, BUET 2014-11-182017-10-10   8  103858Circulation section2014-11-18623_000000000000000_22LAT1998Central Library, BUET
General Book623.22 LAT/1998 1Central Library, BUET 2014-12-022017-05-31  2017-04-189  103861Circulation section2014-12-02623_220000000000000_LAT1998Central Library, BUET
General Book623.22/LAT/1998  Central Library, BUET 2015-06-032017-02-06   10 2100035Circulation section2015-06-03623_220000000000000_LAT_1998Central Library, BUET
General Book623.22/LAT/1998 2Central Library, BUET 2017-10-312025-09-17  2025-09-0711  103862Circulation section2007-05-28623_220000000000000_LAT_1998Central Library, BUET